NeDeník : k 70. výročí založení Skupiny surrealistů v ČSR /

Hlavní autor: Koubek, Jiří, 1950-
Korporativní autor: Surrealistická skupina v Československu
Další autoři: Fanta, Ladislav, 1966-
Jazyk: Francouzština
Čeština
Vydáno: Praha : "Le la" Genéve, 2007
Vydání: 2., (tiskem 1.) vyd.
Témata:
Fyzický popis: 133 s. ; 21 cm
Language note: Část. francouzský text
Knihy
Uloženo v:
LEADER 02216nam a2200601 a 4500
001 nkc20071722646
003 CZ PrNK
005 20121212095259.0
007 ta
008 070730s2007 xr e 000 e cze
015 |a cnb001722646 
020 |a 978-80-903884-0-6  |q (brož.) 
035 |a (OCoLC)189425916 
040 |a ABA001  |b cze 
041 0 |a cze  |a fre 
043 |a e-xr--- 
072 7 |a 7.01/.09  |x Umění  |2 Konspekt  |9 21 
080 |a 7.071  |2 MRF 
080 |a 82.02"1920/1945"  |2 MRF 
080 |a 7.037.5  |2 MRF 
080 |a (437.3)  |2 MRF 
080 |a (047.53)  |2 MRF 
080 |a (0:82-9)  |2 MRF 
080 |a (093)  |2 MRF 
100 1 |a Koubek, Jiří,  |d 1950-  |7 js20060120038  |4 aut 
245 1 0 |a NeDeník :  |b k 70. výročí založení Skupiny surrealistů v ČSR /  |c Jiří Koubek 
250 |a 2., (tiskem 1.) vyd. 
260 |a Praha :  |b "Le la" Genéve,  |c 2007 
300 |a 133 s. ;  |c 21 cm 
505 2 0 |t Interview Ladislava Fanty s Jiřím Koubkem o krizi surrealismu a jeho výhledech po r. 1989 
546 |a Část. francouzský text 
610 2 7 |a Surrealistická skupina v Československu  |7 ko2012737207  |2 czenas 
650 0 7 |a umělecké skupiny  |7 ph126906  |z Česko  |2 czenas 
650 0 7 |a surrealismus (literatura)  |7 ph126285  |z Česko  |2 czenas 
650 0 7 |a surrealismus (umění)  |7 ph126286  |z Česko  |2 czenas 
650 0 9 |a art groups  |z Czechia  |2 eczenas 
650 0 9 |a surrealism (literature)  |z Czechia  |2 eczenas 
650 0 9 |a surrealism (art)  |z Czechia  |2 eczenas 
655 7 |a rozhovory  |7 fd133303  |2 czenas 
655 7 |a texty  |7 fd133699  |2 czenas 
655 7 |a dokumenty  |7 fd132064  |2 czenas 
655 9 |a interviews  |2 eczenas 
655 9 |a texts  |2 eczenas 
655 9 |a documents  |2 eczenas 
700 1 |a Fanta, Ladislav,  |d 1966-  |7 js20011212022  |4 ivr 
700 1 |a Koubek, Jiří,  |d 1950-  |7 js20060120038  |4 ive 
710 2 |a Surrealistická skupina v Československu  |7 ko2012737207 
910 2 |a BOA001  |b 2-1194.823 
990 |a BK 
995 |a 01 
991 |b 200711  |c NOV 
996 6 |b 2610326240  |c 2-1194.823  |l MZK  |r Sklad / do 1 hodiny  |n 6  |p p.v.  |w 000876466  |u 000010  |a 1  |e BOA001  |j MZK50  |s P 
996 7 |b 2610352384  |c 2-1194.823  |l MZK  |r Sklad / do 1 hodiny  |n 21  |p dar  |w 000876466  |u 000020  |a 1  |e BOA001  |j MZK50  |s A